Statistics for Highest Career Passer Ratings for NFL Quarterbacks

Click here to take the quiz!

General Stats

  • This quiz has been taken 1,370 times
  • The average score is 10 of 17

Answer Stats

Rate Answer Years Active % Correct
96.6Tom Brady2000-Present
98%
95.7Peyton Manning1998-Present
97%
104.5Aaron Rodgers2005-Present
91%
94.3Drew Brees2001-Present
88%
94.5Philip Rivers2004-Present
84%
92.3Joe Montana1979-1994
82%
96.8Steve Young1985-1999
79%
86.4Dan Marino1983-1999
77%
92.7Ben Roethlisberger2004-Present
68%
90.9Matt Ryan2008-Present
61%
93.7Kurt Warner1998-2009
51%
95.6Tony Romo2004-Present
50%
87.8Daunte Culpepper1999-2009
29%
91.9Matt Schaub2004-Present
26%
86.6Otto Graham1946-1955
26%
90.1Chad Pennington2000-2010
12%
87.5Jeff Garcia1999-2011
11%

Score Distribution

Percentile by Number Answered

Percent of People with Each Score

Your Score History

You have not taken this quiz